zpět

Detail výsledku týmu

Chicago Bar & Grill ÚT, Liberec

Datum a čas kvízu

19 Celkem bodů Celkový počet nahraných bodů na tomto kvízu bez doplňovacích otázek.
2. Pořadí na kvízu Konečné umístění týmu na tomto kvízu.

Zaznamenané odpovědi

# Otázka Odpověď Body Výsledky
1. V médiích se minulý týden hojn... 0
2. Italské letovisko, které je ob... 1
3. V Křižíkově pavilonu v pražský... 1
4. Jak se jmenuje slavný hollywoo... 0
5. Jak se jmenuje historicky prvn... 0
6. Dlouhé názvy filmů byly v módě... 0
5. V roce 1981 natočil režisér Mi... 1
5. Francouzsko - španělská komedi... 1
5. V roce 1974 natočil režisér Cl... 0
5. Volné pokračování úspěšné sati... 1